| 000 | 00406pab a2200169 454500 | ||
|---|---|---|---|
| 008 | 180718b2013 xxu||||| |||| 00| 0 eng d | ||
| 100 | _aDasgupta, Somit | ||
| 245 | _aThe open access consumer: Deemed or damned | ||
| 260 | _c2013 | ||
| 300 | _ap.17-19. | ||
| 362 | _a5 Jan | ||
| 650 | _aConsumers | ||
| 650 | _aElectricity | ||
| 773 | _aEconomic and Political Weekly | ||
| 908 | _aN | ||
| 909 | _a98666 | ||
| 999 |
_c98665 _d98665 |
||